Catalog

Record Details

Catalog Search



Psychické potřeby dětí a vliv jejich nedostatečného naplňování na vznik psychických poruch : bakalářská práce Cover Image Book Book

Psychické potřeby dětí a vliv jejich nedostatečného naplňování na vznik psychických poruch : bakalářská práce Petra Kesslerová ; Vedoucí práce: Marie Lhotová

Record details

  • Physical Description: 74 s.

Content descriptions

Bibliography, etc. Note:
bibliogr. s. 73

Available copies

  • 1 of 1 copy available at Common Catalog SPOK.

Holds

  • 0 current holds with 1 total copy.
Show Only Available Copies
Location Call Number / Copy Notes Barcode Shelving Location Status Due Date
Jabok Library ABP-0841 424480017671 Absolventské práce Reference -

LDR 00705ntm a22 a 4500
00110455
003CZ-PrJAB
00520120713122411.0
008050310s2003 xr e |||| |cze
009cz
035 . ‡a(CONS)10455
035 . ‡aKPS0014080
0410 . ‡acze
10011. ‡78786 ‡aKesslerová, Petra
110 2. ‡aEvangelická teologická fakulta Univerzity Karlovy
2451 . ‡aPsychické potřeby dětí a vliv jejich nedostatečného naplňování na vznik psychických poruch : ‡bbakalářská práce ‡cPetra Kesslerová ; Vedoucí práce: Marie Lhotová
260 . ‡aPraha ‡c2003
300 . ‡a74 s.
504 . ‡abibliogr. s. 73
653 . ‡aděti ‡apsychické potřeby ‡apsychické poruchy
70011. ‡74189 ‡aLhotová, Marie ‡d1940-
999 . ‡a841-d ‡c841-d ‡i424480017671 ‡tP
999 . ‡a842-d ‡c842-d ‡i424480017632 ‡tP
910 . ‡aABG312
901 . ‡a10455 ‡bUnknown ‡c10455 ‡tbiblio

Additional Resources